| 000 | 01252nam a22002777a 4500 | ||
|---|---|---|---|
| 999 |
_c118292 _d118292 |
||
| 003 | dpl | ||
| 005 | 20181204132006.0 | ||
| 008 | 181204b ||||| |||| 00| 0 eng d | ||
| 010 | _aB-172440 | ||
| 020 |
_c200.00 _a819015673 |
||
| 035 | _aB-172440 | ||
| 037 | _bCen Lib/Ret | ||
| 040 |
_aDPL _bHN _c0 |
||
| 082 |
_a305.4 _bभाटिया |
||
| 100 |
_aसुदर्शन, भाटिया _979298 |
||
| 245 |
_aकैसे सीखें युवतियां निर्भय जीना / _cभाटिया सुदर्शन |
||
| 246 |
_aKaise sikhen yuvtiyan nirbhay jeena _bby Sudarshan bhatiya |
||
| 260 |
_aदिल्ली _bस्टार ट्रेक पब्लिशेर्स _c2004 |
||
| 270 |
_a511/1-ई , गली न. 2 विश्वास नगर औधौगिक क्षेत्र _bदिल्ली _e110032 |
||
| 300 |
_a152पृष्ठ. : _c20सेमी(सजिल्द) _bचित्र. |
||
| 650 |
_aसामाजिक परेशानियाँ _979299 |
||
| 650 |
_aनारी विकास _934 |
||
| 650 |
_aSocial problems _979300 |
||
| 650 |
_aWoman Development _979301 |
||
| 942 |
_2ddc _cHN _h305 _mभाटिया |
||